Pinceladas de Agustín Rivera sobre la vida y gobierno del C. General Porfirio Díaz, presidente de la República Mexicana /

Esta breve biografía de Porfirio Díaz, presidente de México por más de treinta años a finales del siglo XIX y principios del XX, fue publicada por primera vez en "El Imparcial", periódico de la capital del país en sus números de los días del 15 al 18 de septiembre de 1908.

Saved in:
Bibliographic Details
Main Author: Rivera, Agustín (autor)
Format: Book
Language:Español
Subjects:
Tags: Add Tag
No Tags, Be the first to tag this record!

MARC

LEADER 00000nam^a2200000^a^4500
001 000129109
005 20250526000000.0
009 20260310094902.003
037 |a Acervo ITESO - Biblioteca 
041 |a ESP 
082 |a 972. 052  |b RIV 
100 |a Rivera, Agustín  |e (autor) 
245 1 0 |a Pinceladas de Agustín Rivera sobre la vida y gobierno del C. General Porfirio Díaz, presidente de la República Mexicana /  |c A. Rivera. 
264 |a Lagos de Moreno, México :  |b Imprenta de Ausencio López Arce,  |c 1908 
300 |a 22 p. ;  |c 24.0 cm. 
520 |a Esta breve biografía de Porfirio Díaz, presidente de México por más de treinta años a finales del siglo XIX y principios del XX, fue publicada por primera vez en "El Imparcial", periódico de la capital del país en sus números de los días del 15 al 18 de septiembre de 1908. 
649 |a XX 
650 |a Jefes de Estado Mexicanos -  |x Biografías 
650 |a Políticos Mexicanos -  |x Biografías 
650 |a Militares Mexicanos -  |x Biografías 
650 |a Política -  |z México -  |x Historia -  |y Porfirismo, 1876-1911 
650 |a México -  |x Historia -  |y Porfirismo, 1876-1911 
650 |a México -  |x Historia -  |y República Liberal, 1867-1911 
650 |a México -  |x Historia -  |y Siglo XIX 
650 |a Díaz, Ponciano 
910 |a Fondo Salvador Reynoso Reynoso 
920 |a Impresos - Libros 
930 |a Libros Antiguos y Raros 
905 |a 108 
901 |a 0800011081  |b IT2  |c LRA  |u 20250526 
902 |a https://opac.biblio.iteso.mx/vufind/Record/000129109